| 000 | 00430nam a22001457a 4500 | ||
|---|---|---|---|
| 003 | OSt | ||
| 005 | 20230818105202.0 | ||
| 008 | 230818b |||||||| |||| 00| 0 eng d | ||
| 040 |
_aDE-2950 _dDE-2950 _eDE-2950 |
||
| 100 | _aFrits Gierstberg | ||
| 245 |
_aFramed landscapes. _bEuropean photography commissions 1984–2019. _cFrits Gierstberg (Hgr.) |
||
| 260 |
_aMadrid: _bMuseo ICO, _c2019. |
||
| 300 | _a462 Seiten | ||
| 942 |
_2z _cB |
||
| 999 |
_c372695 _d372695 |
||